书目信息 |
| 题名: |
2018全国硕士研究生招生考试思想政治理论冲刺背诵核心考点
|
|
| 作者: | 杨杰 主编 | |
| 分册: | ||
| 出版信息: | 上海 学林出版社 2017.09 |
|
| 页数: | 202页 | |
| 开本: | 20cm | |
| 丛书名: | ||
| 单 册: | ||
| 中图分类: | D0 | |
| 科图分类: | ||
| 主题词: | 政治理论 | |
| 电子资源: | ||
| ISBN: | 7-5486-1282-6 | |
| 000 | 00657nam0 2200193 450 | |
| 001 | 1833986698 | |
| 005 | 20200925092951.26 | |
| 010 | @a7-5486-1282-6@dCNY39.80 | |
| 100 | @a20180523d2017 km y0chiy0120 ea | |
| 101 | 0 | @achi |
| 102 | @aCN@b310000 | |
| 200 | 1 | @a2018全国硕士研究生招生考试思想政治理论冲刺背诵核心考点@A2018 quan guo shuo shi yan jiu sheng zhao sheng kao shi si xiang zheng zhi li lun chong ci bei song he xin kao dian@f杨杰主编@Fyang jie zhu bian |
| 210 | @a上海@c学林出版社@d2017.09 | |
| 215 | @a202页@d20cm | |
| 606 | 0 | @a政治理论 |
| 690 | @aD0@v4 | |
| 701 | 0 | @a杨杰@Ayang jie@4主编 |
| 801 | 0 | @aCN@bMUSE@c20180523 |
| 905 | @aMUSE@dD0@eY2013 | |
| 2018全国硕士研究生招生考试思想政治理论冲刺背诵核心考点/杨杰主编.-上海:学林出版社,2017.09 |
| 202页;20cm |
| ISBN 7-5486-1282-6:CNY39.80 |
| ● |
| 相关链接 |
|
|
|
正题名:2018全国硕士研究生招生考试思想政治理论冲
索取号:D0/Y2013
 
预约/预借
| 序号 | 登录号 | 条形码 | 馆藏地/架位号 | 状态 | 备注 |
| 1 | 0349936 | 203499366 | 社科库509/509社科库 67排2列2层/ [索取号:D0/Y2013] | 在馆 | |
| 2 | 1281875 | 212818753 | 社科库509/509社科库 67排2列2层/ [索取号:D0/Y2013] | 在馆 | |
| 3 | 1348261 | 213482612 | 社科库509/509社科库 67排2列2层/ [索取号:D0/Y2013] | 在馆 | |
| 4 | 1348442 | 213484424 | 社科库509/509社科库 67排2列2层/ [索取号:D0/Y2013] | 在馆 |